000 00853nam a2200265 a 4500
001 77461
003 BD-RjUL
005 20220526113132.0
008 200922s1964 nyu b 000 0 eng
035 _a(BD-RjUL)77686
040 _aDLC
_cODaWU
_dOCoLC
_dDLC
_dBD-RjUL
_beng
041 _aeng
082 _a822.33
_bHAS 1964
100 1 _aHalliday, F. E.
_q(Frank Ernest),
_d1903-
_9241504
245 1 2 _aA Shakespeare companion, 1564-1964 /
_cF. E. Halliday
250 _aRev. ed.
260 _aNew York ;
_aLondon:
_bSchocken Books;
_bPenguin Books,
_cc1964.
300 _a569 p. ;
_c22 cm.
504 _aBibliography: p. 545-[566]
600 1 0 _aShakespeare, William,
_d1564-1616
650 0 _aEnglish drama
_yEarly modern and Elizabethan, 1500-1600
_vDictionaries.
_9241506
942 _2ddc
_cBK
999 _c77461
_d77461